ਸਾਖੀਆਂ ਗੁਰੂ ਘਰ ਕੀਆਂ / (Record no. 98118)

MARC details
000 -LEADER
fixed length control field 00584nam a22001937a 4500
005 - DATE AND TIME OF LATEST TRANSACTION
control field 20151106152925.0
010 ## - LCCN (DPL NO)
LC control number PUN-7790
020 ## - INTERNATIONAL STANDARD BOOK NUMBER
Terms of availability 250.00
035 ## - SYSTEM CONTROL NUMBER
System control number PN-6908
037 ## - SOURCE OF ACQUISITION
Stock number unistar books
082 ## - DEWEY DECIMAL CLASSIFICATION NUMBER
Classification number 260.33
100 ## - MAIN ENTRY--PERSONAL NAME
Personal name ਮਿਨਹਾਸ,ਰਣਜੀਤ ਸਿੰਘ
245 ## - TITLE STATEMENT
Title ਸਾਖੀਆਂ ਗੁਰੂ ਘਰ ਕੀਆਂ /
246 ## - VARYING FORM OF TITLE
Title proper/short title Sakhian Guru Ghar Kiyan
Remainder of title by Ranjit Singh Minhas
250 ## - EDITION STATEMENT
Edition statement 2011
260 ## - PUBLICATION, DISTRIBUTION, ETC. (IMPRINT)
Place of publication, distribution, etc Chandigarh
Name of publisher, distributor, etc Unistar Books
300 ## - PHYSICAL DESCRIPTION
Extent Pg.212
Other physical details 22cmਸਜਿਲਦ
942 ## - ADDED ENTRY ELEMENTS (KOHA)
Source of classification or shelving scheme Dewey Decimal Classification
Item type Punjabi Bks
Classification part 260.33
Call number prefix ਮਿਨਹਾ
Holdings
Withdrawn status Lost status Not for loan Collection code Home library Current library Date acquired Source of acquisition Cost, normal purchase price Full call number Barcode Copy number Cost, replacement price Koha item type
      Fiction D.B.Act.Division D.B.Act.Division 06/11/2015 DBAD 250.00 260.33 PN-6908 1 250.00 Punjabi Bks

© Delhi Public Library
Hit Counter
free hit counter